|
|
|
|
| LEADER |
00000nam a2200000 a 4500 |
| 001 |
vtls010203022 |
| 003 |
SK-MaSNL |
| 005 |
20260301172828.0 |
| 008 |
240314s2010 xo oa 000 0 ger |
| 015 |
|
|
|a SNBA2011/07-04064
|
| 020 |
|
|
|a 9788089238330
|q (brož.)
|
| 035 |
|
|
|a 7497755D-D064-46E2-A96C-5F39209202AB
|
| 035 |
|
|
|a urn:nbn:sk:snk-amjx72
|
| 035 |
|
|
|a urn:nbn:sk:snk-am0080df
|
| 040 |
|
|
|a SNK
|b slo
|c SNK
|e AACR2
|
| 041 |
0 |
|
|a ger
|
| 044 |
|
|
|a xo
|c SK
|
| 072 |
|
7 |
|a 811.112.2
|x Nemčina
|2 konspekt
|
| 080 |
|
|
|a 811.112.2
|2 2001
|
| 080 |
|
|
|a 81'373.7
|2 2001
|
| 080 |
|
|
|a (075)
|2 2001
|
| 100 |
1 |
|
|a Gajdošová, Silvia
|4 aut
|9 338488
|
| 245 |
1 |
0 |
|a Spiel und Spaß mit deutschen Phraseologismen
|c Silvia Gajdošová ; [ilustrácie a návrh obálky: Silvia Adamcová]
|
| 250 |
|
|
|a 1. vyd.
|
| 260 |
|
|
|a Bratislava
|b Iris
|c 2010
|
| 300 |
|
|
|a 113 s.
|b ilustr., fotogr.
|c 29 cm
|
| 650 |
0 |
7 |
|a nemčina
|2 SNKPH
|9 1384
|
| 650 |
0 |
7 |
|a frazeológia
|2 SNKPH
|9 1507
|
| 650 |
0 |
7 |
|a German language
|2 SNKPHeng
|9 278149
|
| 650 |
0 |
7 |
|a Phraseology
|2 SNKPHeng
|9 283772
|
| 655 |
|
7 |
|a učebnice
|2 SNKPH
|9 22521
|
| 655 |
|
7 |
|a Textbooks
|2 SNKPHeng
|9 276731
|
| 700 |
1 |
|
|a Adamcová, Silvia,
|d 1984-
|4 ill
|9 228360
|
| 919 |
|
|
|a 978-80-89238-33-0
|
| 968 |
|
|
|d 81
|
| 999 |
|
|
|c 834839
|d 836769
|
| 952 |
|
|
|a SNK
|b SNK
|y PREZ
|7 0
|p 17A0685371
|o snkSB 80771
|i snk2011/653
|8 0
|0 0
|1 0
|4 0
|d 2011-01-12
|f 1
|l 0
|r 2025-05-05 00:00:00
|w 2026-02-24
|
| 952 |
|
|
|a SNK
|b SNK
|y VYP
|7 0
|p 17A0685372
|o snkSB 80771 D1
|i snk2011/654
|8 0
|0 0
|1 0
|4 0
|d 2011-01-12
|l 0
|r 2016-06-30 00:00:00
|w 2026-02-24
|